The mind of God : (Registro nro. 7118)

Detalles MARC
000 -LEADER
fixed length control field 00960cam a2200241 a 4500
001 - CONTROL NUMBER
control field 3433264
003 - CONTROL NUMBER IDENTIFIER
control field OSt
005 - DATE AND TIME OF LATEST TRANSACTION
control field 20210208120804.0
008 - FIXED-LENGTH DATA ELEMENTS--GENERAL INFORMATION
fixed length control field 910821s1992 nyu rb 001 0 eng
010 ## - LIBRARY OF CONGRESS CONTROL NUMBER
LC control number 91028606
020 ## - INTERNATIONAL STANDARD BOOK NUMBER
International Standard Book Number 0671687875
040 ## - CATALOGING SOURCE
Original cataloging agency CO-JMCR
Transcribing agency CO-JMCR
041 0# - LANGUAGE CODE
Language code of text/sound track or separate title eng
082 04 - DEWEY DECIMAL CLASSIFICATION NUMBER
Classification number 215 /
Item number D255m
Edition number 23
100 1# - MAIN ENTRY--PERSONAL NAME
Personal name Davies, Paul,
Relator term autor
9 (RLIN) 13090
245 14 - TITLE STATEMENT
Title The mind of God :
Remainder of title the scientific basis for a rational world /
Statement of responsibility, etc. Paul Davies.
260 ## - PUBLICATION, DISTRIBUTION, ETC.
Place of publication, distribution, etc. New York :
Name of publisher, distributor, etc. Simon & Schuster,
Date of publication, distribution, etc. c1992
300 ## - PHYSICAL DESCRIPTION
Extent 254 páginas ;
Dimensions 25 cm.
500 ## - GENERAL NOTE
General note Incluye referencias bibliográficas e índice
505 0# - FORMATTED CONTENTS NOTE
Formatted contents note Reason and belief -- Can the universe create itself? -- What are the laws of nature? -- mathematics and reality -- Real worlds and virtual worlds -- The mathematical secret -- Why is the world the way it is? -- Designer universe -- The mystery at the end of the universe
650 14 - SUBJECT ADDED ENTRY--TOPICAL TERM
Topical term or geographic name entry element Religión y ciencia
9 (RLIN) 13091
942 ## - ADDED ENTRY ELEMENTS (KOHA)
Source of classification or shelving scheme Dewey Decimal Classification
Koha item type Books
Existencias
Withdrawn status Lost status Source of classification or shelving scheme Damaged status Not for loan Home library Current library Shelving location Date acquired Source of acquisition Total Checkouts Full call number Barcode Date last seen Date last checked out Copy number Price effective from Koha item type
    Dewey Decimal Classification     Biblioteca Pública José María del Castillo y Rada Biblioteca Pública José María del Castillo y Rada General Stacks 02/05/2021 Donación 1 215 / D255m 201810480 07/15/2025 07/14/2025 Ej.1 02/05/2021 Books